Elements of Strength of Materials (Record no. 5533)

MARC details
000 -LEADER
fixed length control field 00380nam a2200157Ia 4500
003 - CONTROL NUMBER IDENTIFIER
control field OSt
008 - FIXED-LENGTH DATA ELEMENTS--GENERAL INFORMATION
fixed length control field 191201s2012 xx 000 0 und d
082 ## - DEWEY DECIMAL CLASSIFICATION NUMBER
Classification number 620.112
Item number TIE
100 ## - MAIN ENTRY--PERSONAL NAME
Personal name TIMOSHENKO, SP
245 #0 - TITLE STATEMENT
Title Elements of Strength of Materials
250 ## - EDITION STATEMENT
Edition statement Rep
260 ## - PUBLICATION, DISTRIBUTION, ETC. (IMPRINT)
Place of publication, distribution, etc New Delhi
Name of publisher, distributor, etc East West Press Pvt Ltd
Date of publication, distribution, etc 2012
300 ## - PHYSICAL DESCRIPTION
Extent 375
650 ## - SUBJECT ADDED ENTRY--TOPICAL TERM
Topical term or geographic name as entry element B.Tech(CE)
942 ## - ADDED ENTRY ELEMENTS (KOHA)
Source of classification or shelving scheme Dewey Decimal Classification
Koha item type Text Books
Holdings
Withdrawn status Lost status Source of classification or shelving scheme Damaged status Not for loan Collection code Home library Current library Date acquired Source of acquisition Cost, normal purchase price Bill Number Total Checkouts Full call number Acc. no. / Barcode Date last seen Bill Date Koha item type Date last borrowed
    Dewey Decimal Classification     B.Tech(CE) PIET C-LIBRARY PIET C-LIBRARY 03/10/2012 IBH, New Delhi 175.00 12628   620.112 TIE 21261 04/12/2019 29/09/2012 Text Books  
    Dewey Decimal Classification     B.Tech(CE) PIET C-LIBRARY PIET C-LIBRARY 03/10/2012 IBH, New Delhi 175.00 12628   620.112 TIE 21262 04/12/2019 29/09/2012 Text Books  
    Dewey Decimal Classification     B.Tech(CE) PIET C-LIBRARY PIET C-LIBRARY 03/10/2012 IBH, New Delhi 175.00 12628 1 620.112 TIE 21263 23/07/2022 29/09/2012 Text Books 23/07/2022
    Dewey Decimal Classification     B.Tech(CE) PIET C-LIBRARY PIET C-LIBRARY 03/10/2012 IBH, New Delhi 175.00 12628   620.112 TIE 21264 04/12/2019 29/09/2012 Text Books  
    Dewey Decimal Classification     B.Tech(CE) PIET C-LIBRARY PIET C-LIBRARY 03/10/2012 IBH, New Delhi 175.00 12628   620.112 TIE 21265 04/12/2019 29/09/2012 Text Books  
    Dewey Decimal Classification     B.Tech(CE) PIET C-LIBRARY PIET C-LIBRARY 03/10/2012 IBH, New Delhi 175.00 12628   620.112 TIE 21266 04/12/2019 29/09/2012 Text Books  

Design & Developed by: PIET Central Library
R70 Miles Stone Pattikalyana Samalkha Panipat 132102
mail ID :- [email protected], Phone No:- 0180-2569700 Ex.216